Mobilná aplikácia na správu skladového hospodárstva v spoločnosti Porsche Werkzeugbau s.r.o.

Salvato in:
Dettagli Bibliografici
Autore principale: Floriš, Daniel (Autore)
Altri autori: Kováč, Szabolcs (Relatore della tesi)
Natura: Manoscritto Libro
Lingua:slovacco
Pubblicazione: 2025
Soggetti:
Accesso online:http://is.stuba.sk/zp/portal_zp.pl?podrobnosti=183910
Tags: Aggiungi Tag
Nessun Tag, puoi essere il primo ad aggiungerne!!

MARC

LEADER 00000ntm a22000003a 4500
001 stuzp103860
003 SK-STU
005 20250614212315.1
007 ta
008 150427s2015----xo-----f-mn---000-0-slo-d
040 |a STU  |b slo 
041 0 |a slo 
100 1 |a Floriš, Daniel  |u 066000  |4 aut  |U MTF Materiálovotechnologická fakulta  |T MTF Ústav aplikovanej informatiky, automatizácie a mechatroniky  |X 112425  |U M6000  |Y 86  |7 112425 
242 0 1 |a Mobile application for warehouse management at Porsche Werkzeugbau s.r.o.  |y eng 
245 1 0 |a Mobilná aplikácia na správu skladového hospodárstva v spoločnosti Porsche Werkzeugbau s.r.o. 
260 |c 2025 
650 4 |a Android  |2 eng 
650 4 |a UML  |2 eng 
650 4 |a QR code  |2 eng 
650 4 |a Mobile application  |2 eng 
650 4 |a Java  |2 slo 
650 4 |a UML  |2 slo 
650 4 |a Mobilná aplikácia  |2 slo 
650 4 |a Android  |2 slo 
700 1 |a Kováč, Szabolcs  |u 066000  |k Z1  |4 ths  |U MTF Materiálovotechnologická fakulta  |T MTF Ústav aplikovanej informatiky, automatizácie a mechatroniky  |X 73542  |U M6000  |Y 86  |7 73542 
856 4 |u http://is.stuba.sk/zp/portal_zp.pl?podrobnosti=183910 
996 |c M* DP-15521  |l MMSKP  |s P  |a 0  |w stuzp103860_0001